Giáo trình triết học Mác - Lenin
v.v...
Đã lưu trong:
| Tác giả chính: | |
|---|---|
| Định dạng: | Sách |
| Năm xuất bản: |
H.
Chính trị quốc gia
1999
|
| Chủ đề: | |
| Tags: |
Thêm thẻ
Không có thẻ, Hãy là người đầu tiên gắn thẻ bản ghi này!
|
| LEADER | 00981nam a2200181 4500 | ||
|---|---|---|---|
| 082 | |a 335.411 |b Gi108tr | ||
| 100 | |a Nguyễn Duy Quý | ||
| 245 | |a Giáo trình triết học Mác - Lenin |c Nguyễn Duy Quý, Dương Phú Hiệp, Nguyễn Trọng Chuẩn | ||
| 260 | |a H. |b Chính trị quốc gia |c 1999 | ||
| 300 | |a 671 tr. |c 21 cm. | ||
| 520 | |a v.v... | ||
| 653 | |a Triết học Mác - lênin | ||
| 653 | |a Giáo trình | ||
| 942 | |2 ddc |c STK0 | ||
| 999 | |c 8653 |d 8653 | ||
| 952 | |0 0 |1 0 |2 ddc |4 0 |6 335_411000000000000_GI108TR |7 0 |8 300 |9 71238 |a qbu |b qbu |c D2 |d 2015-04-23 |g 42000 |l 1 |o 335.411 Gi108tr |p 8999.c1 |r 2017-11-23 |s 2017-11-17 |w 2015-04-23 |y STK0 | ||
| 952 | |0 0 |1 0 |2 ddc |4 0 |6 335_411000000000000_GI108TR |7 0 |8 300 |9 71239 |a qbu |b qbu |c D2 |d 2015-04-23 |g 42000 |l 1 |m 1 |o 335.411 Gi108tr |p 8999.c2 |r 2017-01-20 |s 2017-01-12 |w 2015-04-23 |y STK0 | ||
| 952 | |0 0 |1 0 |2 ddc |4 0 |6 335_411000000000000_GI108TR |7 0 |8 300 |9 71240 |a qbu |b qbu |c D2 |d 2015-04-23 |g 42000 |l 1 |o 335.411 Gi108tr |p 8999.c3 |r 2017-01-17 |s 2017-01-11 |w 2015-04-23 |y STK0 | ||